Aviation Aircrafts - Statistics

General Stats
  • This quiz has been taken 830 times
  • The average score is 9 of 15
Answer Stats
Picture Answer % Correct
Boeing 747
97%
Boeing 737
95%
Airbus A380
90%
Airbus A320
89%
Airbus A340
84%
Boeing 757
84%
Airbus A319
79%
Boeing 777
75%
Boeing 787
73%
Airbus A321
63%
ATR-72
36%
C-17 Globemaster
22%
Lockheed C-5 Galaxy
18%
CRJ-900
14%
Douglas DC-9
8%
No matching quizzes found
Score Distribution
Percent of People with Each Score
Percentile by Number Answered
Your Score History
You have not taken this quiz